000 00313nam a22001337a 4500
008 181204b xxu||||| |||| 00| 0 eng d
020 _a0944838022
041 _aeng
080 _a510
100 _a38
101 _aMAT
245 _aA Non Mathematical Approach To Basic Mri
_cSmith.H.J
942 _2udc
_cBK
999 _c52760
_d52760